11 YAŞ GÜNÜ (Kayıt no. 649454)

MARC ayrıntıları
000 -LEADER
sabit uzunluktaki kontrol alanı 00223nam a2200097Ia 4500
001 - KONTROL NUMARASI
kontrol alanı 649454
005 - EN SON İŞLEMİN TARİH VE ZAMANI
kontrol alanı 20250826153742.0
008 - SABİT-UZUNLUKTA VERİ ÖĞELERİ--GENEL BİLGİ
sabit uzunluktaki kontrol alanı 250824s9999 xx 000 0 und d
245 #0 - ESER / YAZAR
ESER ADI 11 YAŞ GÜNÜ
Yazar Adı WENDY MASS
260 ## - YAYIN, DAĞITIM, VB.
YAYIN EVİ TUDEM
Mevcut
Düşüm durumu Kayıp durumu Hasar Durumu Ödünç verilmez Ana kütüphane Geçerli Kütüphane Edinilen tarih Toplam ödünç verme sayısı Barkod Son görüntüleme tarihi Fiyatın geçerli olmaya başladığı tarih Koha materyal türü
        MUSTAFA HOTAMIŞLI İMAM HATİP ORTAOKULU MUSTAFA HOTAMIŞLI İMAM HATİP ORTAOKULU 24.08.2025   10071988 26.08.2025 26.08.2025 Kitaplar
Gemini Bilgi Teknolojileri A.Ş. tarafından düzenlenmiştir.